Football club to city click quiz - Statistics

General Stats
  • This quiz has been taken 65 times
    61 since last reset
  • The average score is 17 of 27
Answer Stats
Hint Answer % Correct
Panathinaikos Athens
94%
Rangers Glasgow
92%
Eintracht Frankfurt
91%
Feyenoord Rotterdam
91%
Fulham London
81%
Partizan Belgrade
79%
Young Boys Bern
77%
Flamengo Rio de Janeiro
77%
Basaksehir Istanbul
75%
Girondins Bordeaux
74%
Hajduk Split
74%
Sampdoria Genoa
72%
Hellas Verona
64%
Ferencvaros Budapest
62%
Metalist Kharkiv
60%
Al Sadd Doha
58%
Viking Stavanger
58%
Newell's Old Boys Rosario
55%
Djurgardens Stockholm
55%
Penarol Montevideo
51%
Cruz Azul Mexico City
49%
Belenenses Lisbon
47%
Gremio Porto Alegre
47%
Zamalek Cairo
42%
Mohun Bagan Kolkata
40%
Mamelodi Sundowns Pretoria
40%
Esteghlal Tehran
34%
No matching quizzes found
Score Distribution
Percent of People with Each Score
Percentile by Number Answered
Your Score History
You have not taken this quiz since the last reset